Statistics for 100k US Cities By Proximity With Disappearing Cities

Click here to take the quiz!

General Stats

  • This quiz has been taken 2,966 times
  • The average score is 260 of 317

Answers on the Map

Answers color-coded by a green-red scale on the quiz's map according to % correct below.
 

Answer Stats

PopulationStateAnswers% Correct
350,365CAAnaheim
99%
115,382CACarlsbad
99%
169,868CACorona
99%
113,003CACosta Mesa
99%
151,625CAEscondido
99%
214,547CAFontana
99%
138,632CAFullerton
99%
171,644CAGarden Grove
99%
199,223CAHuntington Beach
99%
287,401CAIrvine
99%
109,527CAJurupa Valley
99%
462,628CALong Beach
99%
213,055CAMoreno Valley
99%
116,223CAMurrieta
99%
175,742CAOceanside
99%
185,010CAOntario
99%
138,669CAOrange
99%
151,691CAPomona
99%
177,603CARancho Cucamonga
99%
103,526CARialto
99%
331,360CARiverside
99%
215,784CASan Bernardino
99%
332,318CASanta Ana
99%
114,761CATemecula
99%
101,638CAVista
99%
111,502CAAntioch
98%
121,363CABerkeley
98%
102,511CABurbank
98%
129,295CAConcord
98%
106,280CADaly City
98%
111,126CADowney
98%
174,775CAElk Grove
98%
115,487CAEl Monte
98%
117,133CAFairfield
98%
241,110CAFremont
98%
199,303CAGlendale
98%
122,105CTHartford
98%
159,203CAHayward
98%
108,151CAInglewood
98%
3,979,576CALos Angeles
98%
215,030CAModesto
98%
433,031CAOakland
98%
208,881CAOxnard
98%
155,079CAPalmdale
98%
141,029CAPasadena
98%
110,567CARichmond
98%
141,500CARoseville
98%
513,624CASacramento
98%
881,549CASan Francisco
98%
1,021,795CASan Jose
98%
104,430CASan Mateo
98%
130,365CASanta Clara
98%
212,979CASanta Clarita
98%
176,753CASanta Rosa
98%
125,613CASimi Valley
98%
312,697CAStockton
98%
152,703CASunnyvale
98%
126,813CAThousand Oaks
98%
143,592CATorrance
98%
100,670CAVacaville
98%
121,692CAVallejo
98%
109,106CAVentura
98%
122,385CAVictorville
98%
105,101CAWest Covina
98%
105,623TXAllen
97%
121,442PAAllentown
97%
398,854TXArlington
97%
144,399CTBridgeport
97%
139,248TXCarrollton
97%
117,911TXCollege Station
97%
1,343,573TXDallas
97%
141,541TXDenton
97%
129,216NJElizabeth
97%
909,585TXFort Worth
97%
200,490TXFrisco
97%
239,928TXGarland
97%
194,543TXGrand Prairie
97%
239,798TXIrving
97%
262,075NJJersey City
97%
106,300NJLakewood Township
97%
109,212TXLewisville
97%
199,177TXMcKinney
97%
140,937TXMesquite
97%
282,011NJNewark
97%
130,250CTNew Haven
97%
8,336,817NYNew York City
97%
103,949CTNorwalk
97%
145,233NJPaterson
97%
1,584,064PAPhiladelphia
97%
287,677TXPlano
97%
121,323TXRichardson
97%
139,236TXWaco
97%
107,568CTWaterbury
97%
100,145NJWoodbridge Township
97%
200,370NYYonkers
97%
197,757ILAurora
96%
148,164WABellevue
96%
2,693,976ILChicago
96%
110,849ILElgin
96%
111,475WAEverett
96%
132,319WAKent
96%
590,157WIMilwaukee
96%
148,449ILNaperville
96%
101,751WARenton
96%
145,609ILRockford
96%
155,465CASalinas
96%
753,675WASeattle
96%
129,638CTStamford
96%
118,488TXSugar Land
96%
217,827WATacoma
96%
106,985TXTyler
96%
116,825TXBeaumont
95%
133,759FLCoral Springs
95%
106,306FLDavie
95%
182,437FLFort Lauderdale
95%
233,339FLHialeah
95%
154,817FLHollywood
95%
2,320,268TXHouston
95%
147,344ILJoliet
95%
107,536TXLeague City
95%
467,963FLMiami
95%
110,001FLMiami Gardens
95%
141,191FLMiramar
95%
151,227TXPasadena
95%
122,460TXPearland
95%
173,591FLPembroke Pines
95%
112,118FLPompano Beach
95%
179,883RIProvidence
95%
153,606MASpringfield
95%
111,955FLWest Palm Beach
95%
185,428MAWorcester
95%
121,272COArvada
94%
379,289COAurora
94%
692,600MABoston
94%
105,673COBoulder
94%
118,927MACambridge
94%
110,937COCentennial
94%
478,221COColorado Springs
94%
727,211CODenver
94%
170,243COFort Collins
94%
108,649COGreeley
94%
157,935COLakewood
94%
110,997MALowell
94%
102,026INSouth Bend
94%
141,464COThornton
94%
113,166COWestminster
94%
978,908TXAustin
93%
133,372TXRound Rock
93%
174,365ORSalem
93%
1,547,253TXSan Antonio
93%
109,381ORGresham
92%
109,128ORHillsboro
92%
654,741ORPortland
92%
184,463WAVancouver
92%
261,165AZChandler
91%
670,031MIDetroit
91%
254,114AZGilbert
91%
518,012AZMesa
91%
1,423,851CASan Diego
91%
272,779OHToledo
91%
133,943MIWarren
91%
119,980MIAnn Arbor
90%
506,811GAAtlanta
90%
274,492CAChula Vista
90%
381,009OHCleveland
90%
195,769GAColumbus
90%
102,708CAEl Cajon
90%
252,381AZGlendale
90%
118,210MILansing
90%
153,159GAMacon
90%
175,961AZMesa
90%
1,680,992AZPhoenix
90%
258,069AZScottsdale
90%
132,438MISterling Heights
90%
141,664AZSurprise
90%
195,805AZTempe
90%
116,946FLClearwater
89%
112,136FLLakeland
89%
112,673NHManchester
89%
287,442FLOrlando
89%
265,351FLSt. Petersburg
89%
399,700FLTampa
89%
593,490MDBaltimore
88%
157,601PALancaster
88%
133,997FLGainesville
87%
705,749DCWashington DC
87%
159,428VAAlexandria
86%
303,940OHCincinnati
86%
296,710NCGreensboro
86%
112,791NCHigh Point
86%
230,436VARichmond
86%
247,945NCWinston-Salem
86%
182,799TNChattanooga
85%
320,189NVHenderson
85%
651,319NVLas Vegas
85%
251,974NVNorth Las Vegas
85%
126,913GAAthens
84%
151,666TXKilleen
84%
429,606MNMinneapolis
84%
116,618UTProvo
84%
118,935MNRochester
84%
200,567UTSalt Lake City
84%
109,452GASandy Springs
84%
308,096MNSt. Paul
84%
116,480UTWest Jordan
84%
135,248UTWest Valley City
84%
116,672MOIndependence
82%
876,384INIndianapolis
82%
495,327MOKansas City
82%
152,960KSKansas City
82%
140,545KSOlathe
82%
195,494KSOverland Park
82%
125,310KSTopeka
82%
220,236LABaton Rouge
81%
885,708NCCharlotte
81%
200,574ALHuntsville
81%
390,144LANew Orleans
81%
655,057OKOklahoma City
81%
401,190OKTulsa
81%
101,068INCarmel
80%
103,301CAChico
80%
681,728TXEl Paso
80%
103,432NMLas Cruces
80%
100,471INClinton
78%
160,628MSJackson
78%
198,525ALMontgomery
78%
114,230ILSpringfield
78%
300,576MOSt. Louis
78%
146,900TNMurfreesboro
77%
670,820TNNashville
77%
170,282NCCary
76%
158,146TNClarksville
76%
278,993NCDurham
76%
124,880OKNorman
76%
474,069NCRaleigh
76%
194,495FLCape Coral
75%
228,959IDBoise
74%
114,161IDMeridian
74%
140,407OHDayton
73%
244,835VAChesapeake
72%
134,510VAHampton
72%
179,225VANewport News
72%
242,742VANorfolk
72%
115,552FLPalm Bay
72%
449,974VAVirginia Beach
72%
131,674SCColumbia
71%
205,695NYRochester
71%
197,597OHAkron
70%
255,284NYBuffalo
70%
911,507FLJacksonville
69%
345,064HIHonolulu
67%
134,605CAVisalia
67%
617,638KYLouisville
66%
288,000AKAnchorage
65%
898,553OHColumbus
65%
211,657NCFayetteville
65%
323,152KYLexington
64%
115,382SCNorth Charleston
63%
289,102NELincoln
62%
478,192NEOmaha
62%
114,584CAClovis
61%
172,622OREugene
61%
531,576CAFresno
61%
259,680WIMadison
61%
651,073TNMemphis
61%
255,601NVReno
61%
105,006NVSparks
61%
209,403ALBirmingham
59%
214,237IADes Moines
59%
548,073AZTucson
58%
560,513NMAlbuquerque
57%
101,129ALTuscaloosa
57%
222,081WASpokane
56%
101,060WASpokane Valley
56%
137,566SCCharleston
55%
144,464GASavannah
55%
300,286PAPittsburgh
54%
110,198OKBroken Arrow
53%
182,781TXBrownsville
50%
101,170TXEdinburg
50%
143,268TXMcAllen
50%
384,145CABakersfield
49%
142,327NYSyracuse
49%
112,361COPueblo
47%
109,577MTBillings
46%
117,979INEvansville
46%
100,421ORBend
45%
107,263CASanta Maria
45%
167,882MOSpringfield
44%
326,586TXCorpus Christi
43%
124,662NDFargo
43%
104,683TXWichita Falls
43%
199,371TXAmarillo
42%
197,888GAAugusta
42%
389,938KSWichita
42%
201,013MIGrand Rapids
41%
126,185LALafayette
41%
197,312ARLittle Rock
41%
258,862TXLubbock
41%
194,500FLTallahassee
40%
188,720ALMobile
38%
104,578WIGreen Bay
37%
183,793SDSioux Falls
37%
123,195MOColumbia
35%
101,590IADavenport
34%
146,038TXMidland
34%
123,334TXOdessa
34%
270,402INFort Wayne
33%
262,491TXLaredo
31%
201,846FLPort St. Lucie
31%
187,603TNKnoxville
30%
187,112LAShreveport
27%
133,562IACedar Rapids
26%
110,417ILPeoria
26%
123,420TXAbilene
23%
101,004TXSan Angelo
23%
123,744NCWilmington
21%

Score Distribution

Percentile by Number Answered

Percent of People with Each Score

Your Score History

You have not taken this quiz